Normal view
MARC view
- Evans,David
Entry Personal Name
001 - CONTROL NUMBER
- control field: 1280
003 - CONTROL NUMBER IDENTIFIER
- control field: OSt
005 - DATE AND TIME OF LATEST TRANSACTION
- control field: 20160825112636.0
008 - FIXED-LENGTH DATA ELEMENTS
- fixed length control field: 160825|| aca||aabn | a|a d
040 ## - CATALOGING SOURCE
- Original cataloging agency: OSt
- Transcribing agency: OSt
100 ## - HEADING--PERSONAL NAME
- Personal name: Evans,David
670 ## - SOURCE DATA FOUND
- Source citation: Work cat.: (OSt): Lack,Andrew 1279, Bios Instant Notes:Plant Biology, 2015
